$300 Million Movies by Tagline Quiz Stats

Quiz Updated Dec 23, 2015

Challenge
Share
Tweet
Embed
Score 0/48 Timer 06:00
10 Plays Today
% Correct
Toy Story 3
88%
Finding Nemo
87.1%
Lord of the Rings: The Fellowship of the Ring
82.5%
The Lion King
82.4%
Independence Day
81.4%
The Passion of the Christ
79%
E.T.
75.2%
Jurassic Park
74.6%
American Sniper
73.8%
Star Wars: A New Hope
72.3%
The Dark Knight
71.9%
The Hunger Games
71.1%
Harry Potter and the Sorcerer's Stone
64.5%
Lord of the Rings: The Two Towers
63.5%
Pirates of the Caribbean: At World's End
63.2%
Alice in Wonderland
62.1%
Iron Man
62%
Frozen
60.8%
Spider-Man
60.5%
Transformers
60.5%
Pirates of the Caribbean: Dead Man's Chest
59.9%
Harry Potter and the Half-Blood Prince
57.9%
The Avengers
57%
Star Wars: Return of the Jedi
53.7%
% Correct
Shrek the Third
53.2%
Transformers: Dark of the Moon
48.7%
Forrest Gump
48.3%
Despicable Me 2
44%
Lord of the Rings: The Return of the King
43.8%
Shrek 2
43.6%
The Hunger Games: Catching Fire
43.2%
Transformers: Revenge of the Fallen
42.7%
Star Wars: The Force Awakens
41.7%
Harry Potter and the Deathly Hallows: Part 2
41.7%
Star Wars: The Phantom Menace
39.9%
Avatar
39.5%
Iron Man 2
39.4%
Star Wars: Revenge of the Sith
37.1%
The Dark Knight Rises
35%
Pirates of the Caribbean: The Curse of the Black Pearl
34.8%
Star Wars: Attack of the Clones
32.3%
Guardians of the Galaxy
31.6%
Titanic
31.3%
Skyfall
25.7%
Iron Man 3
23.1%
Spider-Man 3
20.6%
Indiana Jones and the Kingdom of the Crystal Skull
19.2%
Spider-Man 2
15.4%

You're not logged in!

Compare scores with friends on all Sporcle quizzes.
Sign Up with Email
OR
Log In

You Might Also Like...

Show Comments

Extras

Top Quizzes Today


Score Distribution

Your Account Isn't Verified!

In order to create a playlist on Sporcle, you need to verify the email address you used during registration. Go to your Sporcle Settings to finish the process.